1718 1268 1315 1675 1281 1160 1927 1440 1193 1272 1890 1070 1696 1380 1117 1572 1729 1411 1825 1753 1675 1270 1638 1299 1726 1505 1684 1329 1990 1852 1246 1943 1264 1019 1439 1193 1686 1715 1174 1154 1584 1517 1234 1648 1555 1330 1925 1777 1626 1277 1568 1179 1935 1577 1907 1010 1390 1759 1373 1848 1908 1730 1450 1020 1302 1142 1769 1123 1214 1814 1431 1612 1351 1445 1779 1652 1469 1519 1888 1996 1838 1059 1459 1310 1884 1795 1949 1135 1778 1024 1873 1242 1058 1261 1300 1135 1395 1744 1377 BCNSPRNW ULIB Ver.6.0+V

เปลี่ยนเป็นภาษาไทย

Change to English
 แสดงรายละเอียดบรรณานุกรม
  กลับหน้าหลัก

Brief Record : Get Marc (ISO 2709) : E-mail record : QR code < ปิดหน้าต่าง
LEADER : 00000nam 2200000uu 4500
001    13399122711
003     ULIB
008    020711s2555 th a 000 0 tha d
020    9789742473716
050  4 DS520^bป526ร
100    ปัณณภัทร
245    เราคืออาเซียน-- มาเลเซีย /^cปัณณภัทร
250    พิมพ์ครั้งที่ 4
260    กรุงเทพฯ :^bอมรินทร์คอมมิกส์,^c2555
300    61 หน้า
440  0 ชุด เราคืออาเซียน
650  7 ประชาคมอาเซียน
650  7 อาเซียน
650  7 มาเลเซีย
945    ^p75^l0^i20150
999    ^aทศพร เกษรทอง
รายการนี้ยังไม่มีแท็ก
คุณยังไม่ได้ล็อกอิน คุณสามารถมีกิจกรรมร่วมกับเว็บไซต์ได้ แต่ต้องล็อกอินก่อน ::
  ล็อกอิน

รายการสื่อสารสนเทศ

ลำดับที่ ประเภท เลขเรียก/บาร์โค้ด สถานที่ สถานะ
1. การศึกษาทั่วไป
การศึกษาทั่วไป
DS520 ป526ร ฉ.1 
  Barcode: 20150
ห้องสมุดวิทยาเขตนครสวรรค์
►หนังสือทั่วไป:l:General Books
บนชั้น

รายการใกล้เคียง
    ผู้แต่ง [ปัณณภัทร]

    หัวเรื่อง [ประชาคมอาเซียน]
    หัวเรื่อง [อาเซียน]
    หัวเรื่อง [มาเลเซีย]

BibComment


ยังไม่เคยถูกคอมเมนท์

คอมเมนท์ทรัพยากรรายการนี้
  คอมเมนท์: เราคืออาเซียน มาเ..


 Copyright 2026. Bcnsprnw @Library